Govt. of
Madhya Pradesh

Assassination of Rajiv Gandhi :An Inside Job ? (Record no. 61868)

MARC details
000 -LEADER
fixed length control field 00383nam a22001457a 4500
003 - CONTROL NUMBER IDENTIFIER
control field MACL
005 - DATE AND TIME OF LATEST TRANSACTION
control field 20200123160634.0
008 - FIXED-LENGTH DATA ELEMENTS--GENERAL INFORMATION
fixed length control field 200123b xxu||||| |||| 00| 0 eng d
040 ## - CATALOGING SOURCE
Transcribing agency MACL
100 ## - MAIN ENTRY--PERSONAL NAME
Personal name Ahmad, Faraz
9 (RLIN) 77920
245 ## - TITLE STATEMENT
Title Assassination of Rajiv Gandhi :An Inside Job ?
260 ## - PUBLICATION, DISTRIBUTION, ETC. (IMPRINT)
Place of publication, distribution, etc. Delhi
Name of publisher, distributor, etc. Vitasta Pub
Date of publication, distribution, etc. 2018
650 ## - SUBJECT ADDED ENTRY--TOPICAL TERM
Topical term or geographic name as entry element Political Science
9 (RLIN) 77921
942 ## - ADDED ENTRY ELEMENTS (KOHA)
Source of classification or shelving scheme
Koha item type Books
Holdings
Withdrawn status Lost status Source of classification or shelving scheme Damaged status Not for loan Home library Current library Date acquired Cost, normal purchase price Total Checkouts Full call number Barcode Date last seen Price effective from Koha item type
          MACL MACL 23/01/2020 495.00   320 CRE037262 02/05/2024 23/01/2020 Books